Normal view
MARC view
- A. A. Borisov
Entry Personal Name
001 - CONTROL NUMBER
- control field: 127137
003 - CONTROL NUMBER IDENTIFIER
- control field: NUST
005 - DATE AND TIME OF LATEST TRANSACTION
- control field: 20241213154114.0
008 - FIXED-LENGTH DATA ELEMENTS
- fixed length control field: 241213|| aca||aabn | a|a d
040 ## - CATALOGING SOURCE
- Original cataloging agency: NUST
- Transcribing agency: NUST
100 ## - HEADING--PERSONAL NAME
- Personal name: A. A. Borisov
670 ## - SOURCE DATA FOUND
- Source citation: Work cat.: (NUST)559928: A. L. Kuhl 52162, Dynamics of heterogeneous combustion and reacting systems / , 1993
